书目信息 |
| 题名: |
脑老化认知神经科学
|
|
| 作者: | 卡贝扎 编著 ;李鹤 , 何清华 译 | |
| 分册: | ||
| 出版信息: | 北京 北京师范大学出版社 2009 |
|
| 页数: | 380页 | |
| 开本: | 23cm | |
| 丛书名: | 认知神经科学译丛 | |
| 单 册: | ||
| 中图分类: | B842.1 , R749.1 | |
| 科图分类: | ||
| 主题词: | 认知科学--研究 , 影象诊断--测量方法--应用--老年病--脑病--研究 | |
| 电子资源: | ||
| ISBN: | 978-7-303-09551-3 | |
| 000 | 01172oam2 2200301 450 | |
| 001 | 1551425565 | |
| 005 | 20150131141719.35 | |
| 010 | @a978-7-303-09551-3@dCNY48.00 | |
| 100 | @a20100201d2009 em y0chiy50 ea | |
| 101 | 1 | @achi@ceng |
| 102 | @aCN@b110000 | |
| 105 | @aa z 000yy | |
| 200 | 1 | @a脑老化认知神经科学@9nao lao hua ren zhi shen jing ke xue@dCognitive neuroscience of aging@f(美)Roberto Cabeza等编著@g李鹤,何清华等译@zeng |
| 210 | @a北京@c北京师范大学出版社@d2009 | |
| 215 | @a380页@c图@d23cm | |
| 225 | 2 | @a认知神经科学译丛 |
| 330 | @a本书介绍了影像学测量技术在脑老化认知神经科学(CNA)领域中的应用,综述了基础认知加工领域最新的CNA研究成果及CNA领域里的两个模型,并系统分析了CNA研究的临床和应用问题。 | |
| 461 | 0 | @12001 @a认知神经科学译丛 |
| 510 | 1 | @aCognitive neuroscience of aging@zeng |
| 606 | 0 | @a认知科学@x研究 |
| 606 | 0 | @a影象诊断@x测量方法@x应用@x老年病@x脑病@x研究 |
| 690 | @aB842.1@v5 | |
| 690 | @aR749.1@v5 | |
| 701 | 0 | @c(美)@a卡贝扎@9ka bei zha@c(Cabeza, Roberto)@4编著 |
| 702 | 0 | @a李鹤@9li he@c(认知科学)@4译 |
| 702 | 0 | @a何清华@9he qing hua@c(认知科学)@4译 |
| 801 | 0 | @aCN@bTSSF@c20150131 |
| 905 | @aZUCC@dB842.1@eJY9 | |
| 脑老化认知神经科学=Cognitive neuroscience of aging/(美)Roberto Cabeza等编著/李鹤,何清华等译.-北京:北京师范大学出版社,2009 |
| 380页:图;23cm.-(认知神经科学译丛) |
| ISBN 978-7-303-09551-3:CNY48.00 |
| 本书介绍了影像学测量技术在脑老化认知神经科学(CNA)领域中的应用,综述了基础认知加工领域最新的CNA研究成果及CNA领域里的两个模型,并系统分析了CNA研究的临床和应用问题。 |
| ● |
| 相关链接 |
|
|
|
|
正题名:脑老化认知神经科学
索取号:B842.1/JY9
 
预约/预借
| 序号 | 登录号 | 条形码 | 馆藏地/架位号 | 状态 | 备注 |
| 1 | 7857397 | 278573973 | 学院路分馆/ [索取号:B842.1/JY9] | 在馆 |